000 00317nam a22001457a 4500
008 221213b ||||| |||| 00| 0 eng d
020 _a9780721636756
041 _aeng
080 _a61
082 _a61SLO
100 _a4
101 _aMJEKS
245 _aMEDICAL TRANSCRIPTION
_cSLOANE.FORDNEY
942 _2udc
_cBK
999 _c59183
_d59183